000
00246nam a2200109Ia 4500
008
200302s9999 xx 000 0 und d
100
_a
Jesse Mc Donald
245
_a
Michelangelo
260
_b
Saturn Books Ltd.
260
_c
1988
300
_a
112 P.,
999
_c
1443
_d
1443